000 00519nam a22001937a 4500
003 KOHA_MİRAKIL
005 20250416163420.0
008 250416b tu ||||| |||| 00| 0 tur d
020 _a9786053759393
040 _aTR-AnABB
_btur
_cTR-AnABB
041 _atur
082 _a828.3354
_bHIL 2019
100 1 _aHill, Joe,
245 1 0 _aŞeytan /
_cJoe Hill
260 _aİstanbul :
_bİthaki Yayınları,
_c2019
300 _a634 sayfa ;
_c22 cm
650 0 4 _aAmerikan edebiyatı, roman
942 _2ddc
_cBK
999 _c8720
_d8720
900 _bGizem YORULMAZ